<?xml version="1.0" encoding="UTF-8"?><?xml-stylesheet type="text/xsl" href="static/style.xsl"?><OAI-PMH xmlns="http://www.openarchives.org/OAI/2.0/" xmlns:xsi="http://www.w3.org/2001/XMLSchema-instance" xsi:schemaLocation="http://www.openarchives.org/OAI/2.0/ http://www.openarchives.org/OAI/2.0/OAI-PMH.xsd"><responseDate>2026-04-13T13:39:06Z</responseDate><request verb="GetRecord" identifier="oai:www.recercat.cat:2072/480474" metadataPrefix="marc">https://recercat.cat/oai/request</request><GetRecord><record><header><identifier>oai:recercat.cat:2072/480474</identifier><datestamp>2025-02-03T23:53:43Z</datestamp><setSpec>com_2072_98</setSpec><setSpec>col_2072_378192</setSpec></header><metadata><record xmlns="http://www.loc.gov/MARC21/slim" xmlns:dcterms="http://purl.org/dc/terms/" xmlns:xsi="http://www.w3.org/2001/XMLSchema-instance" xmlns:doc="http://www.lyncode.com/xoai" xsi:schemaLocation="http://www.loc.gov/MARC21/slim http://www.loc.gov/standards/marcxml/schema/MARC21slim.xsd">
   <leader>00925njm 22002777a 4500</leader>
   <datafield ind2=" " ind1=" " tag="042">
      <subfield code="a">dc</subfield>
   </datafield>
   <datafield ind2=" " ind1=" " tag="720">
      <subfield code="a">Serra Folch, Carolina</subfield>
      <subfield code="e">author</subfield>
   </datafield>
   <datafield ind2=" " ind1=" " tag="720">
      <subfield code="a">Martorell Castellano, Cristina</subfield>
      <subfield code="e">author</subfield>
   </datafield>
   <datafield ind2=" " ind1=" " tag="260">
      <subfield code="c">2018</subfield>
   </datafield>
   <datafield ind2=" " ind1=" " tag="520">
      <subfield code="a">El dominio de los medios sociales por parte de la "generación Z" ha favorecido su uso como herramienta para acceder a la información y al conocimiento en el entorno académico universitario. Este trabajo estudia qué herramientas y medios usan los estudiantes en sus rutinas de aprendizaje, centrándonos en las tareas más habituales destinadas a cumplir esta función: encontrar apuntes, buscar información, resolver dudas con profesores o con otros estudiantes o comparar trabajos con los de otros compañeros. Para ello, se realizaron entrevistas en profundidad de carácter exploratorio, para posteriormente diseñar un cuestionario que se administró a estudiantes universitarios (n=231). Los resultados obtenidos reflejan una preponderancia clara de dos herramientas: el correo electrónico y la red social Whatsapp, y un aprovechamiento limitado de los espacios virtuales de aprendizaje. Este escaso alcance sugiere que las universidades deberían replantear sus estrategias en esta materia.</subfield>
   </datafield>
   <datafield ind2=" " ind1=" " tag="520">
      <subfield code="a">Social Media use in academic environments as a tool to access information and knowledge by students is becoming more common. Z generation mastery of these tools allows their implementation both in their daily life and in learning processes and routines. This paper aims to discover which social media tools -including Learning Management Systems offered by the university- are being used by students to access information and knowledge, an objective that is fixed describing the most common activities destined to accomplish this purpose: finding notes and papers, searching information to complete assignments, solving content questions with professors, solving doubts with other classmates, ask for class notes to other students or compare their papers with others' assignments. To this end, a survey was conducted to a representative sample formed by 231 university students from Communication Sciencies Faculty of Universitat Internacional de Catalunya (UIC), together with two in-depth interviews with explorative purposes. Results obtained show a clear preponderance of two tools: e-mail and Whatsapp, and a limited use of Learning Management Systems -moodle. This lack of scope suggests that universities should rethink their strategies in this area.</subfield>
   </datafield>
   <datafield ind1="8" ind2=" " tag="024">
      <subfield code="a">http://hdl.handle.net/2072/480474</subfield>
   </datafield>
   <datafield tag="653" ind2=" " ind1=" ">
      <subfield code="a">Medios sociales</subfield>
   </datafield>
   <datafield tag="653" ind2=" " ind1=" ">
      <subfield code="a">Redes sociales</subfield>
   </datafield>
   <datafield tag="653" ind2=" " ind1=" ">
      <subfield code="a">Estudiantes</subfield>
   </datafield>
   <datafield tag="653" ind2=" " ind1=" ">
      <subfield code="a">Universidad</subfield>
   </datafield>
   <datafield tag="653" ind2=" " ind1=" ">
      <subfield code="a">Innovación didáctica</subfield>
   </datafield>
   <datafield tag="653" ind2=" " ind1=" ">
      <subfield code="a">EEES</subfield>
   </datafield>
   <datafield tag="653" ind2=" " ind1=" ">
      <subfield code="a">Aprendizaje</subfield>
   </datafield>
   <datafield tag="653" ind2=" " ind1=" ">
      <subfield code="a">TIC</subfield>
   </datafield>
   <datafield ind2="0" ind1="0" tag="245">
      <subfield code="a">Los medios sociales como herramienta de acceso a la información en la enseñanza</subfield>
   </datafield>
</record></metadata></record></GetRecord></OAI-PMH>